000 00609nam a2200265Ia 4500
005 20260306164354.0
008 008 260114s9999 xx 000 0 eng d
020 _a9780262271141
037 _aEBOOK
040 _aCRL
040 _beng
040 _cCRL
041 _2eng
041 _aeng
084 _qCRL
100 _aDahlby
_91130571
245 4 _aThe Marginal Cost Of Public Funds
260 _bThe MIT Press
260 _c2013
650 _aEconomics & Finance
856 _uhttps://academic.oup.com/book/17550
942 _cEBOOK
999 _c1713825
_d1713825